UITU Library & LRC     

Printed Circuit Boards: design, fabrication assembly and testing (Record no. 13536)

MARC details
000 -LEADER
fixed length control field 00503nam a2200181Ia 4500
008 - FIXED-LENGTH DATA ELEMENTS--GENERAL INFORMATION
fixed length control field 240925s9999 xx 000 0 und d
020 ## - INTERNATIONAL STANDARD BOOK NUMBER
International Standard Book Number 9780070588141
082 ## - DEWEY DECIMAL CLASSIFICATION NUMBER
Classification number 621.3815 KHA
100 ## - MAIN ENTRY--PERSONAL NAME
Personal name Khandpur, R. S.
245 #0 - TITLE STATEMENT
Title Printed Circuit Boards: design, fabrication assembly and testing
250 ## - EDITION STATEMENT
Edition statement 1st
260 ## - PUBLICATION, DISTRIBUTION, ETC.
Place of publication, distribution, etc. New Delhi:
Name of publisher, distributor, etc. TataMcGraw-Hill
Date of publication, distribution, etc. ,2012.
300 ## - PHYSICAL DESCRIPTION
Extent 592p.
Other physical details 0
Type of unit Original
500 ## - GENERAL NOTE
General note Includes Index
600 ## - SUBJECT ADDED ENTRY--PERSONAL NAME
Personal name Electronic Engineering
650 ## - SUBJECT ADDED ENTRY--TOPICAL TERM
Topical term or geographic name entry element Technology
942 ## - ADDED ENTRY ELEMENTS (KOHA)
Koha item type Books
Holdings
Withdrawn status Lost status Damaged status Not for loan Collection Home library Current library Date acquired Source of acquisition Cost, normal purchase price Total checkouts Full call number Barcode Date last seen Price effective from Koha item type
        Electrical Engineering UITU Library UITU Library 11/17/2016 Paramount Book Pvt Ltd 988.66   621.3815 KHA Q11037 09/25/2024 09/25/2024 Books

Powered by Koha